| 000 | 00854nam a2200253 u 4500 | ||
|---|---|---|---|
| 005 | 20250620063855.0 | ||
| 008 | 091022s2007 r 000 0 eng d | ||
| 020 | _a9682326737 (10 dígitos) | ||
| 020 | _a9789682326738 (13 dígitos) | ||
| 035 | _aUPN01000173394 | ||
| 049 | _aCG | ||
| 050 | 4 |
_aHM500 _bE3.7 |
|
| 100 | 1 |
_aEcheverría, Bolívar _938252 |
|
| 245 | 1 | 0 |
_aSociedades icónicas : _bhistoria, ideología y cultura en la imagen / _cBolívar Echeverría, Diego Lizarazo, Pablo Lazo Briones. |
| 260 |
_aMéxico : _bSiglo XXI, _c2007. |
||
| 300 |
_a90 p. : _bil. |
||
| 440 | 0 | _aDiseño y comunicación | |
| 650 | 2 |
_aSociología visual _916440 |
|
| 650 | 2 |
_aComunicación visual _911466 |
|
| 650 | 2 |
_aImágenes (psicología) _913739 |
|
| 700 | 1 |
_aLizarazo, Diego, _ecoaut. |
|
| 700 | 1 |
_aLazo Briones, Pablo, _ecoaut. _941054 |
|
| 905 | _aLibro | ||
| 999 |
_c145498 _d145498 |
||